[Event "SVK ECo-C Extraliga 2018-19"]
[Site "Slovakia"]
[Date "2018.12.08"]
[Round "3"]
[White "Neuman, Petr"]
[Black "Ponizil, Cyril"]
[Result "1/2-1/2"]
[WhiteElo "2432"]
[BlackElo "2491"]
[Annotator "TA"]
[PlyCount "84"]
[EventDate "2018.11.10"]
[EventType "team-tourn"]
[EventCountry "SVK"]
[SourceTitle "playchess.com"]
[Source "ChessBase"]
[SourceQuality "1"]
[WhiteTeam "Liptovska"]
[BlackTeam "Dubnica"]

{[%evp 24,84,35,42,52,34,37,35,47,50,51,37,51,12,27,15,0,14,10,0,0,0,0,-16,-13,-30,-27,-50,-34,-43,-29,-35,-27,-41,0,-16,0,0,0,0,0,-21,201,201,202,101,41,20,20,20,21,0,0,0,0,0,0,0,0,0,0,0,0]} 1. c4 Nf6 2. g3 g6 3. Bg2 Bg7 4. Nc3 O-O 5. d4 d6 6. Nf3 Nc6 7. O-O a6 8. b3 Rb8 9. Nd5 Bd7 {E63: King's Indian: Fianchetto: Panno Variation with 7...a6} 10. Bb2 b5 (10... Nh5 11. e4 e5 12. h3 Re8 13. Re1 exd4 14. Nxd4 Ne5 15. Rb1 c6 16. Ne3 c5 17. Ndf5 gxf5 18. Qxh5 fxe4 19. Bxe4 {1-0 (45) Maletin,P (2586)-Chigaev,M (2599) Sochi 2018}) 11. Nxf6+ Bxf6 12. Rc1 bxc4 13. Rxc4 {LiveBook: 3 Games} a5 14. Qd2 Nb4 15. Ba1 $146 ({Predecessor:} 15. a3 Na6 16. Qxa5 Rxb3 17. Ba1 {½-½ (30) Kantorik,M (2379)-Kriebel,T (2299) Tatranske Zruby 2010}) 15... Bb5 16. Rcc1 e6 17. Rfe1 c5 18. a3 Na6 {[%cal Bb4a6,Ba6c5,Bc5e4][%mdl 32]} 19. Bc3 a4 20. bxa4 Bxa4 21. dxc5 Bxc3 22. Rxc3 Nxc5 23. Rc4 Qe7 24. Ng5 {[#] Nxh7! is the strong threat.} d5 25. Rh4 h5 26. Nf3 Ne4 27. Qh6 $1 Be8 28. Ne5 (28. Rxe4 $2 dxe4 29. Ng5 f5 $17) 28... Nd6 {Threatens to win with ...Nf5.} (28... Qf6 $5 {[%cal Rf6f2]} 29. Nd3 Nc3 $15) 29. e4 dxe4 30. Bxe4 Nxe4 31. Rhxe4 Qxa3 32. g4 Qh3 $2 (32... hxg4 $11 33. R4e3 (33. Rxg4 Rb4 $11) (33. Nxg4 Qe7 $11) 33... Qe7) 33. R4e3 $18 Qh4 {[#]} 34. Rg3 (34. Rf3 $1 $18 Qe7 35. gxh5) 34... Rb4 $16 35. Nf3 $40 {[%mdl 128] White mounts an attack.} Qf6 {The position is equal.} 36. gxh5 Rb3 37. Ne5 Rxg3+ 38. hxg3 Qg7 39. Qxg7+ Kxg7 40. hxg6 f6 41. Nf3 e5 42. Nh4 Bxg6 {Accuracy: White = 46%, Black = 67%.} 1/2-1/2

[Event "SVK ECo-C Extraliga 2018-19"]
[Site "Slovakia"]
[Date "2018.12.08"]
[Round "3"]
[White "Likavsky, Tomas"]
[Black "Druska, Juraj"]
[Result "1/2-1/2"]
[WhiteElo "2430"]
[BlackElo "2443"]
[Annotator "TA"]
[PlyCount "22"]
[EventDate "2018.11.10"]
[EventType "team-tourn"]
[EventCountry "SVK"]
[SourceTitle "playchess.com"]
[Source "ChessBase"]
[SourceQuality "1"]
[WhiteTeam "Podhajska"]
[BlackTeam "Prakovce"]

{[%evp 11,22,-2,-12,-14,12,14,18,15,16,0,2,6,47]} 1. d4 Nf6 2. c4 e6 3. g3 d5 4. Bg2 Bb4+ 5. Bd2 Be7 6. Bc3 {E00: Catalan Bogo-Indian (3 g3 Bb4+)} (6. Nf3 O-O 7. O-O Nbd7 8. Qc2 c6 9. a4 Ne4 10. Bc1 a5 11. Nbd2 f5 12. Ne1 Bf6 13. cxd5 cxd5 14. Ndf3 Ra6 15. Nd3 Rc6 16. Qb3 Rc4 {½-½ (37) Jakovenko,D (2748)-Andreikin,D (2710) Satka 2018}) 6... O-O {LiveBook: 4 Games. The position is equal.} 7. Nf3 c5 8. dxc5 $146 ({Predecessor:} 8. O-O Nc6 9. Nbd2 Rb8 10. b3 Ne4 11. Bb2 Nxd2 12. Nxd2 dxc4 13. dxc5 Bxc5 14. Nxc4 Qxd1 15. Rfxd1 {½-½ (29) Caldarola,S (1809)-Mazzarella,A (2028) Porto San Giorgio 2011}) 8... dxc4 9. O-O Qc7 10. Nbd2 Qxc5 11. Bxf6 gxf6 1/2-1/2

[Event "SVK ECo-C Extraliga 2018-19"]
[Site "Slovakia"]
[Date "2018.12.08"]
[Round "3"]
[White "Vykouk, Jan"]
[Black "Antal, Gergely"]
[Result "1/2-1/2"]
[WhiteElo "2423"]
[BlackElo "2553"]
[Annotator "TA"]
[PlyCount "60"]
[EventDate "2018.11.10"]
[EventType "team-tourn"]
[EventCountry "SVK"]
[SourceTitle "playchess.com"]
[Source "ChessBase"]
[SourceQuality "1"]
[WhiteTeam "Osuske"]
[BlackTeam "Slovan"]

{[%evp 18,60,49,39,32,17,20,0,0,0,0,0,10,0,6,0,6,1,16,-78,-85,-76,-76,-76,-59,-130,-116,-155,-147,-153,-155,-133,-118,-112,-120,-129,-129,-97,-109,-96,0,0,0,0,0]} 1. e4 c6 2. d4 d5 3. Nd2 dxe4 4. Nxe4 Nf6 5. Nxf6+ exf6 6. c3 Bd6 7. Bd3 O-O 8. Qc2 Re8+ {B15: Caro-Kann: 3 Nc3: 3...g6 and 3...dxe4 4 Nxe4 Nf6 5 Nxf6+ exf6} 9. Ne2 (9. Be3 h5 10. O-O-O Qa5 11. Kb1 Be6 12. c4 Na6 13. Bd2 Nb4 14. Qb3 b5 15. Bxb4 Bxb4 16. Qc2 bxc4 17. Bxc4 Bxc4 18. Qxc4 {0-1 (47) Stevic,H (2589)-Cheparinov,I (2711) Zagreb 2018}) 9... h5 10. Be3 {LiveBook: 38 Games} Na6 {[%cal Bb8a6,Ba6c7,Bc7d5,Bd5f4,Bf4d3][%mdl 32] White is slightly better.} 11. O-O-O $146 ({Predecessor:} 11. Bxa6 bxa6 12. O-O Qc7 13. h3 f5 14. Qd2 Re4 15. f3 Re6 16. Bf4 Rxe2 17. Bxd6 Rxd2 18. Bxc7 Rxb2 {½-½ (64) Svanda,O (2241)-Gasanov,E (2481) Prague 2018}) 11... Nc7 12. Nf4 Bxf4 13. Bxf4 Nd5 14. Bd2 b5 15. Rde1 Be6 16. h3 Qd6 17. g4 Nf4 18. gxh5 (18. Bxf4 $11 {keeps the balance.} Qxf4+ {[%mdl 64] Double Attack} 19. Qd2 Qxd2+ 20. Kxd2) 18... Nxd3+ $17 19. Qxd3 Qd5 {Threatens to win with ...Bf5.} 20. Rhg1 {Strongly threatening Qg3.} Bf5 21. Qg3 (21. c4 $15 bxc4 22. Qc3) 21... Rxe1+ {[%mdl 64] Overworked Piece} 22. Bxe1 {[%csl Gg1][%cal Rg3g7]} g5 $1 23. hxg6 Qe4 $1 {[%csl Gf5][%cal Re4c2]} 24. gxf7+ Kxf7 {[%csl Gf5][%cal Re4c2]} 25. Qc7+ {[#]} Kf8 $1 {[%csl Gf5][%cal Re4c2][%mdl 1024] Black has strong compensation.} ({Much weaker is} 25... Ke6 $6 26. d5+ Kxd5 27. Qf7+ Kc5 28. b4+ Kb6 29. Qb3 $11) 26. Qg7+ {[%mdl 64] Double Attack} Ke8 {[%csl Gf5][%cal Re4c2]} 27. Qg8+ Ke7 {[%csl Gf5][%cal Re4c2]} 28. Qb3 {[#]} Qb1+ (28... a5 $1 $17 {And now ...Rh8 would win.} 29. c4 Qb1+ 30. Kd2 a4) 29. Kd2 $11 {White wants to mate with Rg7+.} Qd3+ 30. Kc1 {White threatens Rg7+ and mate.} Qb1+ {Accuracy: White = 42%, Black = 71%.} 1/2-1/2

[Event "SVK ECo-C Extraliga 2018-19"]
[Site "Slovakia"]
[Date "2018.12.08"]
[Round "3"]
[White "Berezjuk, Sergej"]
[Black "Pacher, Milan"]
[Result "1/2-1/2"]
[WhiteElo "2421"]
[BlackElo "2453"]
[Annotator "TA"]
[PlyCount "33"]
[EventDate "2018.11.10"]
[EventType "team-tourn"]
[EventCountry "SVK"]
[SourceTitle "playchess.com"]
[Source "ChessBase"]
[SourceQuality "1"]
[WhiteTeam "Osuske"]
[BlackTeam "Slovan"]

{[%evp 18,33,19,3,16,21,19,17,20,14,20,0,2,0,0,0,0,-21]} 1. e4 e5 2. Nf3 {[%cal Bg1f3,Bf3e5,Be5d3,Bd3f4][%mdl 32]} Nf6 3. Nc3 Bb4 4. Nxe5 O-O 5. Nd3 Bxc3 6. dxc3 Nxe4 7. Be2 d5 8. O-O Bf5 9. Nf4 {C42: Petroff Defence: 3 Nxe5 and unusual White 3rd moves} c6 10. Be3 {LiveBook: 3 Games. The position is equal.} Nd7 (10... Nd6 11. b3 Ne4 12. Qd4 Qf6 13. Qxf6 Nxf6 14. Rac1 Nbd7 15. f3 Rfe8 16. Kf2 {½-½ (64) Harikrishna,P (2682)-Kritz,L (2578) Mainz 2006}) 11. Re1 $146 ({Predecessor:} 11. c4 dxc4 12. Bxc4 Ne5 13. Be2 Qe7 14. Qc1 Rfe8 15. Re1 b6 16. Nd3 Rad8 17. Nxe5 Qxe5 {½-½ (64) Moldovan,D (2436)-Posedaru,B (2322) Brasov 2011}) 11... h6 12. Bf1 Re8 13. f3 Nd6 14. Qd2 Nc4 15. Bxc4 $1 dxc4 16. b3 Nf8 17. bxc4 1/2-1/2

[Event "SVK ECo-C Extraliga 2018-19"]
[Site "Slovakia"]
[Date "2018.12.08"]
[Round "3"]
[White "Mrva, Martin"]
[Black "Cibickova, Zuzana"]
[Result "1-0"]
[WhiteElo "2420"]
[BlackElo "2243"]
[Annotator "TA"]
[PlyCount "49"]
[EventDate "2018.11.10"]
[EventType "team-tourn"]
[EventCountry "SVK"]
[SourceTitle "playchess.com"]
[Source "ChessBase"]
[SourceQuality "1"]
[WhiteTeam "Snina"]
[BlackTeam "Komarno"]

{[%evp 16,49,37,17,57,45,70,0,43,30,29,21,109,125,162,171,200,204,168,189,213,218,299,304,322,201,526,489,1063,701,29989,29990,1412,1341,29991,2278]} 1. Nf3 d5 2. g3 Nf6 3. Bg2 e6 4. O-O Be7 5. b3 O-O 6. Bb2 c5 7. c4 Nc6 8. cxd5 Nxd5 9. Nc3 {LiveBook: 213 Games} Nb6 {A14: English Opening: 1...e6 with b3 by White} (9... b6 10. Nxd5 exd5 11. d4 Be6 12. Qb1 a5 13. Rd1 Ra7 14. Bc3 a4 15. bxa4 Rxa4 16. Qb5 Rc4 17. Rac1 Bf6 18. Qxc6 cxd4 19. Bxd4 Rxc6 20. Rxc6 {1-0 (71) Aronian,L (2764)-Nakamura,H (2769) Leuven 2018}) 10. Rc1 e5 11. Ba3 $146 ({White should try} 11. Ne4 $14) ({Predecessor:} 11. Ne4 Nd7 12. d3 Rb8 13. Nfd2 f5 14. Nc3 Nb6 15. Nc4 Nxc4 16. dxc4 e4 17. Qd5+ {0-1 (65) Draskovic,L (2447)-Lenic,L (2662) Batumi 2018}) 11... Nd7 {The position is equal.} 12. Ne1 Qa5 13. Bb2 Nd4 (13... Nb6 $11 {remains equal.}) 14. Nd3 $16 Rb8 15. Nd5 Bd6 16. e3 Nc6 17. f4 {[%cal Bf2f4,Bf4e5][%mdl 32]} Qd8 18. Qh5 $1 {[%cal Rf4e5]} g6 19. Qh6 {Threatens to win with fxe5.} f6 20. b4 $40 {[%mdl 128] White attacks with force.} Nxb4 $2 (20... cxb4 {is tougher.} 21. Rf2 Qe8) 21. N5xb4 $18 cxb4 (21... e4 $142 22. f5 g5 23. Bxe4 cxb4) 22. fxe5 Be7 23. Bd5+ Kh8 24. Nf4 {[%csl Gh6][%cal Rf4g6]} Qe8 25. Rc7 (25. exf6 $142 Nxf6 {[#]} 26. Nh5 $1 {[%mdl 512]} Qf7 27. Nxf6 Qg7 28. Nh5 Rxf1+ 29. Rxf1 Qxb2 30. Qf8+ $1 {[%mdl 576] Back Rank} Bxf8 31. Rxf8#) 1-0

[Event "SVK ECo-C Extraliga 2018-19"]
[Site "Slovakia"]
[Date "2018.12.08"]
[Round "3"]
[White "Roubalik, Jakub"]
[Black "Hrabusa, Matej"]
[Result "1-0"]
[WhiteElo "2410"]
[BlackElo "2398"]
[Annotator "TA"]
[PlyCount "203"]
[EventDate "2018.11.10"]
[EventType "team-tourn"]
[EventCountry "SVK"]
[SourceTitle "playchess.com"]
[Source "ChessBase"]
[SourceQuality "1"]
[WhiteTeam "Dubnica"]
[BlackTeam "Liptovska"]

{[%evp 19,203,15,20,21,28,34,51,30,28,44,46,26,28,31,32,4,18,12,0,0,0,0,20,20,20,0,0,-18,0,0,0,0,0,-3,0,0,13,0,0,0,0,0,0,0,7,-39,0,-163,21,0,0,0,0,0,0,0,1,0,19,19,29,0,0,0,0,8,8,8,8,26,24,0,0,-8,-8,-8,-8,-8,-8,-8,0,0,1,1,1,1,1,1,1,1,0,0,0,0,0,0,0,0,0,0,0,0,0,0,0,0,0,0,0,0,0,0,0,0,0,0,0,0,0,0,0,0,0,0,0,0,0,0,0,0,0,0,0,0,0,0,8,8,8,8,8,8,12,0,21,23,85,85,85,85,85,85,85,21,112,8,112,112,112,112,5073,5073,29959,29962,29962,29964,29964,29954,5073,1181,29959,11276,29972,29972,29982,29983,29982,29983,29987,29988,29990,29991,29991,29992,29996,29997]} 1. d4 d5 2. c4 e6 3. Nc3 Bb4 4. Nf3 Nf6 5. Bg5 h6 6. Bxf6 Qxf6 7. Qa4+ Nc6 8. e3 O-O {D38: Queen's Gambit Declined: Ragozin Defence (4 Nf3 Bb4)} 9. Be2 dxc4 10. O-O Qe7 {LiveBook: 5 Games. The position is equal.} (10... Bd7 11. Bxc4 Bxc3 12. bxc3 Rfd8 13. Be2 Be8 14. Qa3 Qe7 15. Qb2 b6 16. c4 {1-0 (47) Radjabov,T (2751)-So,W (2776) Batumi 2018}) 11. a3 $146 ({Predecessor:} 11. Bxc4 Bxc3 12. bxc3 Bd7 13. Be2 Rfc8 14. Nd2 Nd8 15. Qb3 c5 16. a4 Rc7 17. Qa3 Kf8 18. Ne4 cxd4 19. cxd4 Qxa3 20. Rxa3 Ke7 21. a5 {½-½ (21) Khalifman,A (2624)-Pourramezanali,A (2506) Moscow 2016}) 11... Bd6 12. Qxc4 Bd7 13. b4 Rfe8 14. Ne4 a6 15. Rfc1 e5 16. d5 Na7 17. Nxd6 cxd6 18. Qb3 Rec8 19. Nd2 Rxc1+ 20. Rxc1 Rc8 21. Rxc8+ Nxc8 22. Qc3 Qd8 $1 23. Nb3 Nb6 24. Na5 Qc8 25. Qd2 Qc7 26. h3 Bf5 27. Bd3 Bc8 (27... e4 {looks sharper.} 28. Be2 Bd7 29. Qd4 f5 30. Nb3 Kh7) 28. Bf1 Kf8 29. Kh2 Na4 30. Bc4 Nb6 31. Bb3 Bf5 32. f4 Qe7 33. e4 $2 (33. Bc2 $11 {and White stays safe.} Bxc2 34. Qxc2) 33... Bc8 $2 (33... Bxe4 $19 34. f5 (34. Qe3 $2 exf4 35. Qxf4 g5 $19) 34... Qg5 35. Qxg5 hxg5 36. Nxb7 Ke7) 34. Qe3 Nd7 35. Qc3 Qd8 36. f5 Nf6 37. Bc2 Ne8 38. Ba4 Qc7 39. Qxc7 Nxc7 $11 {[%mdl 4096] Endgame KBN-KBN} 40. Nc4 b5 41. Nxd6 bxa4 42. Nxc8 {KN-KN} Nb5 43. Nb6 Nxa3 44. Nxa4 {Nc5 is the strong threat.} Nc2 45. Nc5 Nxb4 46. Nd7+ Ke7 47. Nxe5 a5 $1 {[%cal Ra5a4] Threatening ...a4.} 48. Nc4 a4 49. d6+ Kd7 50. e5 Nc6 51. Nb6+ Kd8 $1 {aiming for ...a3.} 52. Nxa4 {Black must now prevent e6.} Nxe5 53. Nb6 f6 54. Nd5 Nf7 55. Nf4 Nxd6 56. Ne6+ Ke7 57. Nxg7 Kf7 58. Nh5 Nxf5 59. Nf4 Ke7 60. Kg1 Kd6 61. Kf2 Ke5 62. Nd3+ Ke4 63. Nc5+ Kd5 64. Nd7 Ke6 65. Nb6 Nd6 66. Kf3 Kf5 67. Nd5 Ke6 68. Ne3 Kf7 69. Kf4 Kg6 70. g3 Nf7 71. Nd5 Ne5 72. Ne7+ Kf7 73. Nf5 Kg6 74. Ne7+ Kf7 75. Nf5 Kg6 76. Nh4+ Kf7 77. Nf3 Nd3+ 78. Kf5 Nf2 79. h4 Nh1 80. Kf4 {Hoping for Nh2.} Nf2 81. Nd4 Nd3+ 82. Kg4 {White wants to play Kh5.} Kg6 (82... Nf2+ $1 $11 {keeps the balance.} 83. Kh5 Kg7 84. Nf5+ Kh7 85. Nxh6 Nd3) 83. h5+ $16 Kg7 84. Kf5 Kf7 85. Ke4 $1 {[%cal Re4d3]} Nf2+ 86. Kf3 (86. Ke3 $16 Nd1+ 87. Kf4) 86... Nd3 (86... Nh3 $1 $11 {remains equal.}) 87. Nf5 (87. Ke3 $1 $16 {[%cal Re3d3]} Nc5 88. Nf5) 87... Ne5+ (87... Ke6 $1 $11 88. g4 (88. Nxh6 f5 $11) 88... Ne5+ 89. Kf4 Nf7) 88. Ke4 Kg8 89. Nxh6+ Kh7 $2 {[%mdl 8192]} (89... Kg7 $16) 90. Nf5 $18 Nf7 {[#]} 91. Kd5 $1 {[%cal Rd5e6]} Ng5 {[#]} 92. Kd6 $1 {[%cal Rd6e7]} Ne4+ 93. Ke6 Kg8 94. Ke7 (94. g4 $142 Kh7 95. Nd6) 94... Kh7 95. Kf7 Kh8 96. Kg6 {White mates.} Kg8 97. Nh6+ Kf8 98. Nf7 Nxg3 99. h6 {[%cal Bh5h6,Bh6h7][%mdl 32]} Nf5 100. h7 Ne7+ 101. Kxf6 Ng8+ 102. Ke6 {Accuracy: White = 65%, Black = 59%.} 1-0

[Event "SVK ECo-C Extraliga 2018-19"]
[Site "Slovakia"]
[Date "2018.12.08"]
[Round "3"]
[White "Manik, Mikulas"]
[Black "Chovan, Milan"]
[Result "1-0"]
[WhiteElo "2404"]
[BlackElo "2332"]
[Annotator "NA"]
[PlyCount "67"]
[EventDate "2018.11.10"]
[EventType "team-tourn"]
[EventCountry "SVK"]
[SourceTitle "playchess.com"]
[Source "ChessBase"]
[SourceQuality "1"]
[WhiteTeam "Prakovce"]
[BlackTeam "Podhajska"]
[TimeControl "40/5400+30:1800+30"]

1. e4 {[%emt 0:00:00]} e5 {[%emt 0:00:00]} 2. Nf3 {[%emt 0:00:00]} Nc6 {[%emt 0:00:00]} 3. Bb5 {[%emt 0:00:00]} a6 {[%emt 0:00:00]} 4. Ba4 {[%emt 0:00:00]} Nf6 {[%emt 0:00:00]} 5. O-O {[%emt 0:00:00]} b5 {[%emt 0:00:00]} 6. Bb3 {[%emt 0:00:00]} Bb7 {[%emt 0:00:01]} 7. Nc3 {[%emt 0:00:13]} Be7 {[%emt 0:02:03]} 8. d3 {[%emt 0:00:53]} O-O {[%emt 0:00:11]} 9. Bd2 {[%emt 0:02:28]} d6 {[%emt 0:00:25]} 10. Nd5 {[%emt 0:02:15]} Nxd5 {[%emt 0:02:15]} 11. Bxd5 {[%emt 0:00:12]} Qc8 {[%emt 0:00:36]} 12. Re1 {[%emt 0:06:21]} Bf6 {[%emt 0:04:11]} 13. Bg5 {[%emt 0:10:55]} Bxg5 {[%emt 0:13:36]} 14. Nxg5 {[%emt 0:00:10]} g6 {[%emt 0:00:56]} 15. c3 {[%emt 0:18:49]} h6 {[%emt 0:06:54]} 16. Nf3 {[%emt 0:02:34]} Kg7 {[%emt 0:07:47]} 17. d4 {[%emt 0:02:41]} Re8 {[%emt 0:02:24]} 18. Rc1 {[%emt 0:04:54]} Na5 {[%emt 0:13:34]} 19. Bxb7 {[%emt 0:03:08]} Qxb7 {[%emt 0:00:08]} 20. b3 {[%emt 0:00:07]} Qb6 {[%emt 0:06:22]} 21. Re3 {[%emt 0:03:31]} Rad8 {[%emt 0:01:31]} 22. d5 {[%emt 0:02:44]} c6 {[%emt 0:00:40]} 23. Nh4 {[%emt 0:04:27]} cxd5 {[%emt 0:00:11]} 24. exd5 {[%emt 0:03:06]} Qc7 {[%emt 0:02:20]} 25. Rg3 {[%emt 0:07:01]} Kh7 {[%emt 0:01:55]} 26. Qd2 {[%emt 0:04:10]} Qd7 {[%emt 0:08:00]} 27. c4 {[%emt 0:05:14]} Nb7 {[%emt 0:00:50]} 28. cxb5 {[%emt 0:00:08]} axb5 {[%emt 0:00:14]} 29. Rh3 {[%emt 0:00:31]} g5 {[%emt 0:04:56]} 30. Rc7 {[%emt 0:03:49]} Qxc7 {[%emt 0:00:04]} 31. Nf5 {[%emt 0:00:09]} Kg6 {[%emt 0:00:16]} 32. Rxh6+ {[%emt 0:01:04]} Kxf5 {[%emt 0:00:06]} 33. g4+ {[%emt 0:00:10]} Kxg4 {[%emt 0:02:10]} 34. Qe2+ {[%emt 0:00:24]} 1-0

[Event "SVK ECo-C Extraliga 2018-19"]
[Site "Slovakia"]
[Date "2018.12.08"]
[Round "3"]
[White "Rigo, Zsolt"]
[Black "Bokros, Albert"]
[Result "0-1"]
[WhiteElo "2395"]
[BlackElo "2454"]
[Annotator "TA"]
[PlyCount "52"]
[EventDate "2018.11.10"]
[EventType "team-tourn"]
[EventCountry "SVK"]
[SourceTitle "playchess.com"]
[Source "ChessBase"]
[SourceQuality "1"]
[WhiteTeam "Modra"]
[BlackTeam "Streda"]

{[%evp 22,52,94,85,106,83,81,86,87,86,93,86,91,71,85,52,52,50,67,38,62,47,41,49,55,-175,-151,-415,-400,-29996,0,-29997,-29998]} 1. e4 c5 2. Nf3 Nc6 3. d4 cxd4 4. Nxd4 Qb6 5. Nb3 Nf6 6. Nc3 e6 7. a3 a6 8. Bf4 {B33: Sicilian: Pelikan and Sveshnikov Variations} d5 (8... Ne7 9. Bd3 Ng6 10. Bg3 h5 11. h4 Bd6 12. Bxd6 Qxd6 13. g3 b5 14. Qd2 Qb6 15. O-O-O Ng4 16. Rhf1 Nh2 17. Rfe1 Ng4 18. Rf1 Nh2 19. Rfe1 Ng4 20. Rf1 {½-½ (20) Blomqvist,E (2574)-Svidler,P (2748) Caleta 2017}) 9. exd5 Nxd5 10. Nxd5 exd5 11. Qxd5 Be6 12. Qe4 {LiveBook: 3 Games} Be7 13. Bc4 $146 ({Predecessor:} 13. Bd3 Bxb3 14. cxb3 Rd8 15. O-O Qd4 {1-0 (29) Gonzalez de la Torre,S (2441)-Ducret,T (2172) Bergara 2012}) 13... Bxc4 14. Qxc4 O-O 15. O-O Rac8 16. Be3 Qc7 17. c3 b5 18. Qf4 Bd6 19. Qh4 Ne5 20. Nd2 f5 21. Bd4 Nd3 22. b4 Rce8 {[%cal Bc8e8,Be8e6,Be6h6][%mdl 32]} 23. a4 $2 {[#]} (23. Qh3 $14 Nf4 24. Qf3) 23... Re6 $1 $36 {[%cal Re6h6][%mdl 2048] Hoping for ...Rh6. Black is really pushing.} 24. Qh3 $2 {[#]} (24. g3 $17 {might work better.} Nf4 25. gxf4 Bxf4 26. Qh3 Bxd2 27. Qf3) 24... Rh6 $1 ({Not} 24... Nf4 25. Qf3 $15) 25. Qxd3 (25. Qxh6 $19 gxh6 26. axb5 Bxh2+ 27. Kh1) 25... Bxh2+ 26. Kh1 {[#] Black must now prevent g3.} Bg1+ $1 {[%mdl 512] Accuracy: White = 27%, Black = 66%.} 0-1

[Event "SVK ECo-C Extraliga 2018-19"]
[Site "Slovakia"]
[Date "2018.12.08"]
[Round "3"]
[White "Rojicek, Vojtech"]
[Black "Motuz, Karol"]
[Result "1/2-1/2"]
[WhiteElo "2389"]
[BlackElo "2367"]
[Annotator "NA"]
[PlyCount "40"]
[EventDate "2018.11.10"]
[EventType "team-tourn"]
[EventCountry "SVK"]
[SourceTitle "playchess.com"]
[Source "ChessBase"]
[SourceQuality "1"]
[WhiteTeam "Liptovska"]
[BlackTeam "Dubnica"]
[TimeControl "40/5400+30:1800+30"]

1. c4 {[%emt 0:01:13]} Nf6 {[%emt 0:01:30]} 2. g3 {[%emt 0:03:28]} e6 {[%emt 0:01:22]} 3. Bg2 {[%emt 0:00:14]} d5 {[%emt 0:00:14]} 4. Nf3 {[%emt 0:04:55]} dxc4 {[%emt 0:01:54] LiveBook: 3496 Games} 5. Qa4+ {[%emt 0:00:16]} Nbd7 {[%emt 0:01:34]} 6. Qxc4 {[%emt 0:00:14]} a6 {[%emt 0:01:45]} 7. Qc2 {[%emt 0:00:07]} c5 {[%emt 0:02:38]} 8. O-O {[%emt 0:00:19]} b5 {[%emt 0:06:00]} 9. a4 {[%emt 0:01:54]} Bb7 {[%emt 0:01:39]} 10. axb5 {[%emt 0:05:17]} axb5 {[%emt 0:00:09]} 11. Rxa8 {[%emt 0:00:06]} Qxa8 {[%emt 0:01:04]} 12. Na3 {[%emt 0:00:09]} Bc6 {[%emt 0:08:01] A13: English Opening: 1...e6} 13. d3 {[%emt 0:00:28]} (13. Ne1 Nd5 14. d4 Be7 15. dxc5 Nxc5 16. Bxd5 exd5 17. Nd3 Nxd3 18. Qxd3 b4 19. Nc2 O-O 20. Bd2 {½-½ (30) Van Foreest,J (2640)-Christiansen,J (2506) Pardubice 2018}) 13... Be7 {[%emt 0:00:26]} 14. Bd2 {[%emt 0:00:12]} O-O {[%emt 0:00:29]} 15. Rc1 {[%emt 0:00:08]} Rc8 {[%emt 0:02:26]} 16. Ne1 {[%emt 0:02:29]} Nd5 {[%emt 0:06:44]} 17. Qb3 $146 {[%emt 0:00:25]} ({Predecessor:} 17. Qb1 Bf6 18. Nac2 Qa4 19. e4 N5b6 20. Ne3 {0-1 (66) Frisk,E (2302)-Bekker Jensen,S (2442) Borup 2014}) 17... Qb7 {[%emt 0:02:46]} 18. Nc4 {[%emt 0:04:17]} bxc4 {[%emt 0:03:12]} 19. Qxb7 {[%emt 0:00:08]} Bxb7 {[%emt 0:00:03]} 20. dxc4 $11 {[%emt 0:00:08]} Rb8 {[%emt 0:07:42]} 1/2-1/2